[Event "Campinas IRT LCX 09th"]
[Site "Campinas"]
[Date "2008.07.15"]
[Round "9"]
[White "Da Silva, Giovanni Bellotti"]
[Black "Martinez, Carlos Alejandro"]
[Result "0-1"]
[WhiteElo "1832"]
[BlackElo "2445"]
[PlyCount "56"]
[EventDate "2008.07.15"]
[EventType "tourn"]
[EventRounds "11"]
[EventCountry "BRA"]
[SourceTitle "EXT 2022"]
[Source "ChessBase"]
[SourceDate "2021.10.06"]
[SourceVersion "1"]
[SourceVersionDate "2021.10.06"]
[SourceQuality "1"]

1. e4 c5 2. Nf3 e6 3. d4 cxd4 4. Nxd4 a6 5. c4 Nf6 6. Qc2 Nc6 7. Nxc6 dxc6 8. a3 Bc5 9. b4 Bd4 10. Bb2 Nxe4 11. Qxe4 Bxb2 12. Ra2 f5 13. Qf3 Bd4 14. Qh5+ g6 15. Qh6 Kf7 16. Rd2 e5 17. f4 e4 18. h4 Be6 19. h5 Qf6 20. Rh3 Rad8 21. Qg5 Qxg5 22. fxg5 Be5 23. hxg6+ hxg6 24. Rxd8 Rxd8 25. Rh7+ Kg8 26. Rh3 f4 27. Rb3 f3 28. Kf2 Rd1 0-1

[Event "Campinas IRT LCX 09th"]
[Site "Campinas"]
[Date "2008.07.15"]
[Round "3"]
[White "Labegalini, Antonio Luiz"]
[Black "Da Silva, Giovanni Bellotti"]
[Result "1-0"]
[WhiteElo "1907"]
[BlackElo "1832"]
[PlyCount "78"]
[EventDate "2008.07.15"]
[EventType "tourn"]
[EventRounds "11"]
[EventCountry "BRA"]
[SourceTitle "EXT 2022"]
[Source "ChessBase"]
[SourceDate "2021.10.06"]
[SourceVersion "1"]
[SourceVersionDate "2021.10.06"]
[SourceQuality "1"]

1. c4 Nf6 2. Nc3 g6 3. d4 c5 4. d5 d6 5. g3 Bg7 6. Bg2 Nbd7 7. Qc2 0-0 8. Bd2 a6 9. Nf3 Nb6 10. Qb3 Nbd7 11. 0-0 b5 12. Rfe1 bxc4 13. Qxc4 Rb8 14. Rab1 Nb6 15. Qd3 c4 16. Qc2 Nfxd5 17. e4 Nb4 18. Qd1 Nd3 19. Re3 Bg4 20. b3 Ne5 21. h3 Nxf3+ 22. Bxf3 Be6 23. b4 Qd7 24. g4 f5 25. exf5 gxf5 26. g5 d5 27. Qe1 Bf7 28. Rxe7 Qd6 29. Ra7 Rfe8 30. Qc1 Nd7 31. Qa3 Ne5 32. Bg2 Rb6 33. Qa5 d4 34. Ne2 c3 35. Bc1 c2 36. Ra1 d3 37. Nc3 Nf3+ 38. Bxf3 Bxc3 39. Rxf7 Re5 1-0

[Event "Campinas IRT LCX 05th"]
[Site "Campinas"]
[Date "2008.04.06"]
[Round "9"]
[White "Pereira, Marcio Machado"]
[Black "Da Silva, Giovanni Bellotti"]
[Result "0-1"]
[WhiteElo "1656"]
[BlackElo "1832"]
[PlyCount "44"]
[EventDate "2008.03.21"]
[EventType "tourn"]
[EventRounds "13"]
[EventCountry "BRA"]
[SourceTitle "EXT 2022"]
[Source "ChessBase"]
[SourceDate "2021.10.06"]
[SourceVersion "1"]
[SourceVersionDate "2021.10.06"]
[SourceQuality "1"]

1. b3 Nf6 2. Bb2 d5 3. e3 c5 4. c4 d4 5. Qc2 Nc6 6. a3 g6 7. Nf3 Bg7 8. d3 0-0 9. Be2 dxe3 10. fxe3 Bh6 11. Bc1 Ng4 12. e4 Be3 13. Nc3 Nd4 14. Nxd4 Bf2+ 15. Kf1 Qxd4 16. Bxg4 Bxg4 17. Qxf2 Qxc3 18. Bb2 Qxd3+ 19. Kg1 Rad8 20. Qxc5 Qxb3 21. Qe5 Qe3+ 22. Kf1 Be2+ 0-1

[Event "Campinas IRT LCX 05th"]
[Site "Campinas"]
[Date "2008.03.21"]
[Round "1"]
[White "Fujishima, Edson"]
[Black "Da Silva, Giovanni Bellotti"]
[Result "0-1"]
[WhiteElo "1864"]
[BlackElo "1832"]
[PlyCount "52"]
[EventDate "2008.03.21"]
[EventType "tourn"]
[EventRounds "13"]
[EventCountry "BRA"]
[SourceTitle "EXT 2022"]
[Source "ChessBase"]
[SourceDate "2021.10.06"]
[SourceVersion "1"]
[SourceVersionDate "2021.10.06"]
[SourceQuality "1"]

1. d4 Nf6 2. Nf3 g6 3. g3 Bg7 4. Bg2 d5 5. c4 dxc4 6. Na3 c6 7. Nxc4 Bg4 8. Nfe5 Nbd7 9. Nxg4 Nxg4 10. e4 Ngf6 11. 0-0 0-0 12. Qb3 Nb6 13. Rd1 Nxc4 14. Qxc4 e6 15. Bg5 h6 16. Bxf6 Qxf6 17. d5 cxd5 18. exd5 Rac8 19. Qb3 exd5 20. Qxb7 Rc2 21. Qxa7 d4 22. f4 Re8 23. Rac1 d3 24. Qa3 Rxc1 25. Rxc1 d2 26. Rf1 Qd4+ 0-1